Black Elk speaks (Record no. 8120)

MARC details
000 -LEADER
fixed length control field 00607nam a22001697a 4500
008 - FIXED-LENGTH DATA ELEMENTS--GENERAL INFORMATION
fixed length control field 190712b ||||| |||| 00| 0 eng d
020 ## - INTERNATIONAL STANDARD BOOK NUMBER
International Standard Book Number 9780803283916
082 ## - DEWEY DECIMAL CLASSIFICATION NUMBER
Classification number 987 NEI
100 ## - MAIN ENTRY--PERSONAL NAME
Personal name Neihardt, John G.
245 ## - TITLE STATEMENT
Title Black Elk speaks
250 ## - EDITION STATEMENT
Edition statement The complete edition.
260 ## - PUBLICATION, DISTRIBUTION, ETC.
Place of publication, distribution, etc. Lincoln :
Name of publisher, distributor, etc. University of Nebraska Press,
Date of publication, distribution, etc. 2014.
300 ## - PHYSICAL DESCRIPTION
Extent xxxviii, 369 pages :
Other physical details illustrations, maps ;
Dimensions 23 cm
500 ## - GENERAL NOTE
General note Includes bibliographical references (pages 333-339) and index.
650 ## - SUBJECT ADDED ENTRY--TOPICAL TERM
Topical term or geographic name entry element Black Elk, 1863-1950. Oglala Indians--Biography. Oglala Indians--Religion. Lakota Indians.
942 ## - Added entry Elements (Koha)
Source of classification or shelving scheme Dewey Decimal Classification
Holdings
Withdrawn status Lost status Source of classification or shelving scheme Damaged status Not for loan Collection code Home library Current library Shelving location Date acquired Serial Enumeration / chronology Total Checkouts Full call number Barcode Date last seen Price effective from Koha item type
    Dewey Decimal Classification     Main TEST RTC Library RTC Library Main opac 12/07/2019 14056   978 NEI 30013758 12/07/2019 12/07/2019 Main
Royal Thimphu College || All Right Reserved